000 00689nam a2200217 a 4500
001 000002226
005 20240412074159.0
008 090701s2008 dr r 000 0 spa d
020 _a9789993429463
040 _aDO-SdBNP
_bspa
_cBNPHU
082 _aRD861.44
_bF363a
100 1 _aFernández, Luis,
_b1943-
_97110
245 1 0 _aAsí soy :
_bpoemas libres /
_cLuis Fernández.
260 _aSanto Domingo :
_bBúho,
_c2008.
300 _a127 p. ;
_c21 cm.
500 _aIncluye datos biográficos del autor en las solapas .
590 _aInventariado, 2018/BT
650 0 _aPoesía dominicana
_966
650 0 _aLiteratura dominicana.
_967
910 _aValidado. Control de calidad. MMOLINA
999 _c2074
_d2074